Bari - Choix Multiples - Statistiques

Statistiques générales
  • Ce quiz a été pris 36 fois
  • Le résultat moyen est 7 sur 10
Statistiques - réponses
Question Réponse % Correct
Quelle mer borde la ville? Mer Adriatique
94%
Quelle image représente la Focaccia Barese?
91%
Que sont les "orecchiette", spécialité typique de la région qui serait née dans les environs de Bari? Des pâtes
91%
Dans quelle région se situe la ville de Bari? Pouilles
91%
Quel pape, ayant officié pendant 26 ans, a donné son nom à l'aéroport de la ville? Jean-Paul II
63%
Quel saint, dont les reliques seraient conservées à Bari, est le saint-patron des enfants et des étudiants? Nicolas de Myre
63%
Quel logo représente celui de l'équipe de football de Bari?
59%
Laquelle de ces nations n'a jamais inclus Bari dans son territoire? Les États pontificaux
59%
Quel nom porte la Foire annuelle de Bari qui, entre autres et ce, depuis 1929, favorise les échanges entre l'Orient et l'Occident? Fiera del Levante
47%
Quelle voie romaine, construite au IIè siècle après J-C, passait par Bari? Via Traiana
41%
Aucun quiz correspondant
Distribution des résultats
% des personnes avec chaque résultat
Percentile par nombre de réponses
Votre historique - résultats
Vous n’avez pas pris ce quiz